Statistics for All 3D Sonic Boost Stages

Click here to take the quiz!

General Stats

  • This quiz has been taken 5 times
  • The average score is 22 of 34

Answer Stats

GameStage% Correct
Sonic ColorsAquarium Park
100%
Sonic ColorsAsteroid Coaster
100%
Sonic GenerationsPlanet Wisp
100%
Sonic ColorsPlanet Wisp
100%
Sonic ColorsStarlight Carnival
100%
Sonic ColorsSweet Mountain
100%
Sonic ColorsTerminal Velocity
100%
Sonic ColorsTropical Resort
100%
Sonic UnleashedArid Sands
67%
Sonic ForcesArsenal Pyramid
67%
Sonic GenerationsChemical Plant
67%
Sonic GenerationsCity Escape
67%
Sonic UnleashedCool Edge
67%
Sonic GenerationsCrisis City
67%
Sonic UnleashedDragon Road
67%
Sonic GenerationsGreen Hill
67%
Sonic UnleashedJungle Joyride
67%
Sonic ForcesLuminous Forest
67%
Sonic GenerationsRooftop Run
67%
Sonic UnleashedRooftop Run
67%
Sonic UnleashedSavannah Citadel
67%
Sonic GenerationsSeaside Hill
67%
Sonic GenerationsSky Sanctuary
67%
Sonic UnleashedSkyscraper Scamper
67%
Sonic GenerationsSpeed Highway
67%
Sonic ForcesSunset Heights
67%
Sonic UnleashedWindmill Isle
67%
Sonic ForcesEgg Gate
33%
Sonic ForcesLost Valley
33%
Sonic ForcesMetropolitan Highway
33%
Sonic ForcesMortar Canyon
33%
Sonic ForcesFinal Judgment
0%
Sonic ForcesNetwork Terminal
0%
Sonic ForcesNull Space
0%

Score Distribution

Percentile by Number Answered

Percent of People with Each Score

Your Score History

You have not taken this quiz